On representation of integers by binary quadratic forms in algebraic number fields /
Guardado en:
| Autor Principal: | |
|---|---|
| Formato: | Libro |
| Idioma: | English |
| Publicado: |
Uppsala :
Almqvist & Wiksells Boktryckeri,
1962.
|
| Etiquetas: |
Agregar Etiqueta
Sin Etiquetas, Sea el primero en etiquetar este registro!
|
| LEADER | 00540nam a22001575a 4500 | ||
|---|---|---|---|
| 001 | MAT.inmabb001434 | ||
| 008 | 031124s1962####sw############000#0#eng#d | ||
| 005 | 20170815160356.0 | ||
| 245 | 1 | 0 | |a On representation of integers by binary quadratic forms in algebraic number fields / |c by Stig Christofferson. |
| 260 | |a Uppsala : |b Almqvist & Wiksells Boktryckeri, |c 1962. | ||
| 300 | |a 43 p. ; |c 24 cm. | ||
| 502 | |a ?? | ||
| 510 | 4 | |a MR, |c 26 #1301 | |
| 100 | 1 | |a Christofferson, Stig. | |
| 084 | |a 10.46 (10.16) |a 11-XX |2 MR | ||
| 859 | |h 11 |i C556 |p A-1705 |b BIB. MATEMATICA | ||
